| 000 | 01152nam a2200229 a 4500 | ||
|---|---|---|---|
| 001 | 32225 | ||
| 003 | BD-RjUL | ||
| 005 | 20211209051814.0 | ||
| 008 | 180909s1983 bg 000 0 ben | ||
| 020 | _c: Tk. 46.00 | ||
| 035 | _a(BD-RjUL)32314 | ||
| 040 |
_aBD-RjUL _cBD-RjUL _dBD-RjUL _dBD-RjUL _bben |
||
| 041 | _aben | ||
| 082 |
_a954.9205 _223 _bMOA |
||
| 100 | 1 |
_aমোরশেদ, হেদায়েত হোসাইন _9222367 |
|
| 245 |
_aঅবরুদ্ধ সংবাদপত্র '৭১ এবং স্বাধীনতা যুদ্ধে বাংলাদেশে সশস্ত্র বাহিনীর রণনীতি ও রণকৌশল = Captive Press '71 and War Strategy of Bangladesh liberation Forces in 1971/ _cহেদায়েত হোসাইন মোরশেদ |
||
| 260 |
_aঢাকা : _bনসাস, _c১৯৮৩ |
||
| 300 |
_a১৭৫, [১] পৃ. : _bচিত্র; _c২১ সেমি. |
||
| 651 |
_aবাংলাদেশ _xমুক্তিযুদ্ধ _xইতিহাস _9222368 |
||
| 651 |
_aBangladesh _xLiberation war _xHistory _9222369 |
||
| 942 |
_2ddc _cBK |
||
| 999 |
_c32225 _d32225 |
||